「帰れま10」のランキングから店名を当てる #3 - Statistics

General Stats
  • This quiz has been taken 159 times
  • The average score is 8 of 10
Answer Stats
答え % Correct
マクドナルド
100%
スシロー
95%
餃子の王将
83%
LOTTE
83%
串カツ田中
80%
ヤマザキパン
77%
かに道楽
74%
大戸屋
71%
鳥貴族
65%
安楽亭
32%
No matching quizzes found
Score Distribution
Percent of People with Each Score
Percentile by Number Answered
Your Score History
You have not taken this quiz